| 000 | 00585nam a2200205Ia 4500 | ||
|---|---|---|---|
| 003 | GCL | ||
| 008 | 140319s9999 xx 000 0 eng d | ||
| 040 |
_aGCL / _cGCL |
||
| 082 | 0 | 4 |
_a171 _bV C |
| 100 | 1 | _aVALLENTYNE, PETER | |
| 245 | 1 | 0 |
_aCONTRACTIANISM AND RATIONAL CHOICE: ESSAYS ON DAVID GAUTHIER'S MORAL BY AGREEMENT / _cVALLENTYNE, PETER |
| 260 |
_a[S.N] : _bCAMBRIBGE UNIVERSITY PRESS ، _c1991 |
||
| 300 | _a339 P | ||
| 650 | 0 | 4 | _aMORALS BY AGREEMENT |
| 650 | 0 | 4 | _aETHICS |
| 650 | 0 | 4 | _aCONTRACTS |
| 650 | 0 | 4 | _aCOOPERATION |
| 650 | 0 | 4 | _aGAUTHIER, DAVID |
| 942 |
_2ddc _cBK |
||
| 999 |
_c20825 _d20825 |
||